000 00904nam0a2200289 4500
001 RU\NLR\BIBL_A\022455356
005 20250810080303.0
035 _a(NLR Aleph) 022455356
090 _a13360467
_c13360467
100 _a20250212d1942 m y0rusy50 ca
101 0 _auzb
102 _aUZ
105 _ay z 000 y
181 0 _ai
_baxxe
182 0 _an
200 1 _aЎлим фашизма!
_e[Пер. с рус.]
_fП. Е. Вишинский
203 _aТекст
_bвизуальный
_cнепосредственный
210 _aТошкент
_cЎздавнашр
_d1942
215 _a24 с
_d17 см
541 1 _aСмерть фашизму
_zrus
700 1 _aВышинский
_bП. Е.
_4070
852 _aNLR
_bОНЛ
_jУзбек./2-1270
942 _cBOOK
945 _aРоссийская национальная библиотека
980 _aBV
980 _aNB